000 00787nam a2200253u 4500
001 23688
003 BD-RjUL
005 20211209000947.0
008 140311s1954 nyua j 001 0 eng
035 _a(BD-RjUL)23753
040 _aDLC
_cCarP
_dDLC
_dBD-RjUL
_beng
041 _aeng
082 _a910
_bWHO 1954
100 1 _aWhipple, Gertrude,
_d1895- [from old catalog]
_972941
245 1 0 _aOur changing earth /
_cGertrude whipple and Preston E. James
260 _aNew York :
_bMacmillan,
_cc1954.
300 _ax, 318 p. :
_bill. ;
_c24 cm.
504 _aIncludes index.
650 0 _aGeography
_vJuvenile literature.
_972942
700 1 _aJames, Preston E.
_q(Preston Everett),
_d1899-1986,
_ejoint author.
_972943
942 _2ddc
_cBK
999 _c23688
_d23688